000 00360nam a2200145Ia 4500
008 230917s9999||||xx |||||||||||||| ||und||
040 _e147629
_aMAIN
041 _aEnglish
082 _a301.04 G18S
100 _aGarfinkel, Harold
245 0 _aStudies in ethnomethodology
260 _aNew Jersey
_bPrentice hall
_c1967
300 _a288p p.
942 _cBK
999 _c221730
_d221730